000 00308nam a2200121Ia 4500
008 190216s9999||||xx |||||||||||||| ||und||
100 _aRaymond F Valentine
245 0 _aPerformance Objectives For Managers
260 _bNew Central Book Agencies
_c1966
300 _a208p
650 _aCommerce
942 _cBK
999 _c4481
_d4481